Making places for people : (Record no. 13950)

000 -LEADER
fixed length control field 02757cam a2200253 i 4500
003 - CONTROL NUMBER IDENTIFIER
control field OSt
005 - DATE AND TIME OF LATEST TRANSACTION
control field 20260224164854.0
008 - FIXED-LENGTH DATA ELEMENTS--GENERAL INFORMATION
fixed length control field 230919s2024 enka b 001 0 eng
020 ## - INTERNATIONAL STANDARD BOOK NUMBER
International Standard Book Number 9781032413044
Qualifying information (paperback)
042 ## - AUTHENTICATION CODE
Authentication code pcc
082 00 - DEWEY DECIMAL CLASSIFICATION NUMBER
Classification number 720.1/03
Edition number 23/eng/20231206
100 1# - MAIN ENTRY--PERSONAL NAME
Personal name Coffin, Christie,
Relator term author.
245 10 - TITLE STATEMENT
Title Making places for people :
Remainder of title 12 questions every designer should ask /
Statement of responsibility, etc Christie Johnson Coffin and Jenny Young.
250 ## - EDITION STATEMENT
Edition statement Second edition.
300 ## - PHYSICAL DESCRIPTION
Extent viii, 274 pages :
Other physical details chiefly illustrations (some color) ;
Dimensions 21 cm
504 ## - BIBLIOGRAPHY, ETC. NOTE
Bibliography, etc Includes bibliographical references and index.
505 0# - FORMATTED CONTENTS NOTE
Formatted contents note What is the story of this place? -- Whose place is this? -- Where is this place? -- How big is this place? -- What logic orders this place? -- Does this place balance community and privacy? -- What makes this place useful? -- Does this place support health? -- What makes this place sustainable? -- Who likes this place? -- What evidence is there that this place will work? -- Does this place foster social equity and justice?
520 ## - SUMMARY, ETC.
Summary, etc "Making Places for People explores twelve social questions crucial to environmental design. Christie Johnson Coffin and Jenny Young bring perspectives from practice and teaching to challenge assumptions about how places meet human needs. In this second edition, the authors retain the core of the book while placing more emphasis on human well-being, sustainability, and equity and justice. They continue to explore the complexities of basic questions, such as: What is the story of this place? What logic orders it? How sustainable is it? Short, approachable, easy-to-read chapters blend theory, methodology and key research findings. Examples from architecture, interior architecture, community design, landscape architecture and urban design illustrate key concepts. Reflecting on the shifting connections between built form and human use, this updated and expanded edition further tackles the impact of COVID, climate change, human migration, and contemporary discussions of diversity, equity and inclusion in the built world. Additional new examples of social architecture and urban design from around the world illustrate the benefits of pursuing social goals in creative design practice. Coffin and Young expand on how critical understanding of the relationships between people and their built environments can inspire designs that better contribute to health, human performance, ecology and social equity. This second edition will be essential reading for design students and professionals"--
650 #0 - SUBJECT ADDED ENTRY--TOPICAL TERM
Topical term or geographic name as entry element Architecture
General subdivision Human factors.
650 #0 - SUBJECT ADDED ENTRY--TOPICAL TERM
Topical term or geographic name as entry element Architecture and society.
650 #0 - SUBJECT ADDED ENTRY--TOPICAL TERM
Topical term or geographic name as entry element Architectural design.
700 1# - ADDED ENTRY--PERSONAL NAME
Personal name Young, Jenny
Fuller form of name (Jenny E.)
Relator term author.
942 ## - ADDED ENTRY ELEMENTS (KOHA)
Source of classification or shelving scheme
Holdings
Withdrawn status Lost status Source of classification or shelving scheme Damaged status Koha normalized classification for sorting Not for loan Permanent location Current location Shelving location Date acquired Full call number Barcode Date last seen Price effective from Koha item type
        720_100000000000000_03   BMS College of Architecture, Design and Planning BMS College of Architecture, Design and Planning General Stacks 2025-12-16 720.1/03 AR-RD276 2026-02-10 2026-02-10 R&D Books
Copyright © 2025, The Librarian, Library and Information Centre, BMSCA D&P, Bengaluru. All Rights Reserved
web counter

Powered by Koha